Statistics for Nonsense Words #4

Click here to take the quiz!

General Stats

  • This quiz has been taken 187 times
  • The average score is 9 of 13

Answer Stats

Answer% Correct
Caramelting
92%
Defrostrich
83%
Jackpottery
83%
Pandoracles
82%
Equinoxious
79%
Warthogwash
78%
Myanmartian
72%
Kneecapital
65%
Decibelfast
59%
Scarlettuce
57%
Supremerged
52%
Anguishmael
50%
Magicalypso
44%

Score Distribution

Percentile by Number Answered

Percent of People with Each Score

Your Score History

You have not taken this quiz